AN OUTLINE HISTORY OF MUSIC (Record no. 567983)

000 -LEADER
fixed length control field 00260nam a22001097a 4500
082 ## - DEWEY DECIMAL CLASSIFICATION NUMBER
Classification number 780 MIL'O
100 ## - MAIN ENTRY--PERSONAL NAME
Personal name MILLER, HUGH MITON
9 (RLIN) 57714
245 ## - TITLE STATEMENT
Title AN OUTLINE HISTORY OF MUSIC
260 ## - PUBLICATION, DISTRIBUTION, ETC.
Place of publication, distribution, etc. NEWYORK
Name of publisher, distributor, etc. BARNES & NOBLE
Date of publication, distribution, etc. 1947
300 ## - PHYSICAL DESCRIPTION
Extent 254P
942 ## - ADDED ENTRY ELEMENTS (KOHA)
Koha item type Book
Source of classification or shelving scheme
Holdings
Withdrawn status Lost status Source of classification or shelving scheme Damaged status Not for loan Permanent Location Current Location Shelving location Date acquired Full call number Barcode Date last seen Price effective from Koha item type
      Damaged   College of Electrical & Mechanical Engineering (CEME) College of Electrical & Mechanical Engineering (CEME) General Stacks 07/13/2017 780 MIL'O CEME-3803 06/28/2021 06/28/2021 Book
© 2023 Central Library, National University of Sciences and Technology. All Rights Reserved.